[Event "20. Obert Int. Sant Marti 2018 - B"]
[Site "Barcelona ESP"]
[Date "2018.07.15"]
[Round "3.36"]
[White "Salazar Navas, Josep"]
[Black "Moreno Perez, Norberto"]
[Result "0-1"]
[WhiteElo "1677"]
[BlackElo "1874"]
[PlyCount "38"]
[EventDate "2018.07.13"]
[EventType "swiss"]
[EventRounds "9"]
[EventCountry "ESP"]
[SourceTitle "Ajedrez en Madrid"]
[Source "lmi"]
[SourceDate "2018.07.13"]
[SourceVersion "1"]
[SourceVersionDate "2019.06.21"]
[SourceQuality "1"]

1. e4 e5 2. Nf3 Nc6 3. d4 exd4 4. c3 dxc3 5. Nxc3 Bb4 6. Bc4 d6 7. Ng5 Ne5 8.
Qa4+ Nc6 9. Nxf7 Qf6 10. O-O Bxc3 11. bxc3 Bd7 12. Nxh8 Nh6 13. Bxh6 gxh6 14.
Nf7 Ne5 15. Qb3 Nf3+ 16. gxf3 Bh3 17. Qb5+ Ke7 18. Qh5 Rg8+ 19. Qg4 Rxg4+ 0-1

[Event "20. Obert Int. Sant Marti 2018 - B"]
[Site "Barcelona ESP"]
[Date "2018.07.15"]
[Round "3.37"]
[White "Palau Soriano, Ricard"]
[Black "Carrey Abellan, Enric"]
[Result "1/2-1/2"]
[WhiteElo "1637"]
[BlackElo "1855"]
[PlyCount "69"]
[EventDate "2018.07.13"]
[EventType "swiss"]
[EventRounds "9"]
[EventCountry "ESP"]
[SourceTitle "Ajedrez en Madrid"]
[Source "lmi"]
[SourceDate "2018.07.13"]
[SourceVersion "1"]
[SourceVersionDate "2019.06.21"]
[SourceQuality "1"]

1. d4 Nf6 2. Nf3 g6 3. c3 Bg7 4. Bf4 O-O 5. e3 d6 6. Bd3 Nfd7 7. h4 e5 8. Bg3
Qe7 9. Nbd2 Nb6 10. Qc2 Nc6 11. h5 f5 12. Bh4 Bf6 13. Bxf6 Qxf6 14. hxg6 hxg6
15. e4 exd4 16. cxd4 Qe7 17. O-O-O Kg7 18. d5 Ne5 19. Nxe5 dxe5 20. Nf3 Bd7 21.
exf5 Bxf5 22. Bxf5 Rxf5 23. Qd2 e4 24. Qh6+ Kf6 25. Nd4 Rg5 26. Ne6 Rxd5 27.
Rxd5 Nxd5 28. Nf4 Qc5+ 29. Kb1 Nxf4 30. Qxf4+ Qf5 31. Qxc7 e3+ 32. Ka1 exf2 33.
Qd6+ Kg5 34. Qg3+ Kf6 35. Qd6+ 1/2-1/2

[Event "20. Obert Int. Sant Marti 2018 - B"]
[Site "Barcelona ESP"]
[Date "2018.07.15"]
[Round "3.38"]
[White "Caballero Ortin, Jorge"]
[Black "Gallego Montes, Antoni"]
[Result "0-1"]
[WhiteElo "1628"]
[BlackElo "1837"]
[PlyCount "62"]
[EventDate "2018.07.13"]
[EventType "swiss"]
[EventRounds "9"]
[EventCountry "ESP"]
[SourceTitle "Ajedrez en Madrid"]
[Source "lmi"]
[SourceDate "2018.07.13"]
[SourceVersion "1"]
[SourceVersionDate "2019.06.21"]
[SourceQuality "1"]

1. d4 e5 2. dxe5 Nc6 3. Nf3 Nge7 4. e4 Ng6 5. Bc4 Ncxe5 6. Nxe5 Nxe5 7. Bb3
Bb4+ 8. c3 Bc5 9. O-O d6 10. Nd2 Bg4 11. Qc2 Qh4 12. Bc4 O-O-O 13. b4 Bb6 14.
a4 a6 15. a5 Ba7 16. b5 Nxc4 17. Nxc4 axb5 18. Be3 Bxe3 19. Nxe3 Be6 20. a6
bxa6 21. Rxa6 Kb7 22. Ra5 Ra8 23. Rxb5+ Kc6 24. Qd3 Ra4 25. f3 Rha8 26. Rfb1
R8a5 27. R5b4 Ra2 28. Nc2 Kd7 29. e5 Qg5 30. exd6 Rd5 31. Qe3 Rxc2 0-1

[Event "20. Obert Int. Sant Marti 2018 - B"]
[Site "Barcelona ESP"]
[Date "2018.07.15"]
[Round "3.39"]
[White "Julia Yebra, David"]
[Black "Arias Aranda, Guillem"]
[Result "1-0"]
[WhiteElo "1808"]
[BlackElo "1576"]
[PlyCount "50"]
[EventDate "2018.07.13"]
[EventType "swiss"]
[EventRounds "9"]
[EventCountry "ESP"]
[SourceTitle "Ajedrez en Madrid"]
[Source "lmi"]
[SourceDate "2018.07.13"]
[SourceVersion "1"]
[SourceVersionDate "2019.06.21"]
[SourceQuality "1"]

1. c4 e5 2. Nc3 f5 3. g3 Nf6 4. d3 Nc6 5. Bg2 Bc5 6. Nf3 f4 7. gxf4 d6 8. fxe5
dxe5 9. Bg5 O-O 10. O-O Bf5 11. Nd5 Kh8 12. Rc1 Qd7 13. b4 Nxb4 14. Nxb4 Bxb4
15. Nxe5 Qe6 16. f4 h6 17. Bh4 g5 18. Bg3 gxf4 19. Bxf4 Rg8 20. Rf3 Bd6 21. Qf1
Bh3 22. Bg3 Bxg2 23. Rxf6 Bxf1 24. Rxe6 Bxe5 25. Rxe5 Raf8 1-0

[Event "20. Obert Int. Sant Marti 2018 - B"]
[Site "Barcelona ESP"]
[Date "2018.07.15"]
[Round "3.40"]
[White "Fuentes Barrientos, Carlos"]
[Black "Ayllon Barranco, Miguel"]
[Result "1-0"]
[WhiteElo "1803"]
[BlackElo "1550"]
[PlyCount "87"]
[EventDate "2018.07.13"]
[EventType "swiss"]
[EventRounds "9"]
[EventCountry "ESP"]
[SourceTitle "Ajedrez en Madrid"]
[Source "lmi"]
[SourceDate "2018.07.13"]
[SourceVersion "1"]
[SourceVersionDate "2019.06.21"]
[SourceQuality "1"]

1. d4 Nf6 2. Bg5 e6 3. e4 Be7 4. e5 Nd5 5. Bxe7 Qxe7 6. c4 Nf4 7. Qd2 Ng6 8.
Nc3 b6 9. Nb5 d6 10. exd6 cxd6 11. Qb4 O-O 12. Qxd6 Qxd6 13. Nxd6 Nc6 14. Nxc8
Raxc8 15. O-O-O Nce7 16. b3 Rfd8 17. Nf3 Nf4 18. g3 Nfd5 19. Kb2 Nb4 20. a3
Nbc6 21. Bh3 Rd7 22. Rd2 h6 23. Rhd1 Nd8 24. d5 Rd6 25. dxe6 Rxd2+ 26. Rxd2
Nxe6 27. Rd7 Nc6 28. Bxe6 fxe6 29. Nd4 Nxd4 30. Rxd4 Rc7 31. f4 Kf7 32. Kc3 Kf6
33. b4 Kf5 34. h3 Re7 35. g4+ Kf6 36. Rd6 g6 37. Kd4 Kf7 38. Ke5 Rc7 39. Rd4 a6
40. Kd6 Ra7 41. Kc6 b5 42. cxb5 axb5 43. Rd7+ Rxd7 44. Kxd7 1-0

[Event "20. Obert Int. Sant Marti 2018 - B"]
[Site "Barcelona ESP"]
[Date "2018.07.15"]
[Round "3.41"]
[White "Torres Ribe, Ricard"]
[Black "Gomez Parla, Josep"]
[Result "0-1"]
[WhiteElo "1593"]
[BlackElo "1794"]
[PlyCount "70"]
[EventDate "2018.07.13"]
[EventType "swiss"]
[EventRounds "9"]
[EventCountry "ESP"]
[SourceTitle "Ajedrez en Madrid"]
[Source "lmi"]
[SourceDate "2018.07.13"]
[SourceVersion "1"]
[SourceVersionDate "2019.06.21"]
[SourceQuality "1"]

1. e4 b6 2. d4 Bb7 3. Nc3 e6 4. Bd3 Nf6 5. a3 c5 6. Nf3 cxd4 7. Nxd4 Nc6 8.
Nxc6 Bxc6 9. Bg5 Be7 10. O-O O-O 11. f4 h6 12. Bxf6 Bxf6 13. e5 Be7 14. Qe2
Bc5+ 15. Kh1 d5 16. f5 Qg5 17. Rf3 Qh5 18. f6 g6 19. Qe1 Bd4 20. Rh3 Qxe5 21.
Rxh6 Qxf6 22. Qd2 Bxc3 23. bxc3 Kg7 24. Rf1 Qe7 25. Qf4 e5 26. Qh4 Qxh4 27.
Rxh4 e4 28. Be2 f5 29. Rhf4 Bd7 30. h4 Rh8 31. Kg1 Rac8 32. Rd1 Be6 33. c4 dxc4
34. Rd6 Kf6 35. g3 Rhd8 0-1

[Event "20. Obert Int. Sant Marti 2018 - B"]
[Site "Barcelona ESP"]
[Date "2018.07.15"]
[Round "3.42"]
[White "Sanchez Coves, Juan Josep"]
[Black "Serra Vilaro, Agustin"]
[Result "0-1"]
[WhiteElo "1580"]
[BlackElo "1780"]
[PlyCount "82"]
[EventDate "2018.07.13"]
[EventType "swiss"]
[EventRounds "9"]
[EventCountry "ESP"]
[SourceTitle "Ajedrez en Madrid"]
[Source "lmi"]
[SourceDate "2018.07.13"]
[SourceVersion "1"]
[SourceVersionDate "2019.06.21"]
[SourceQuality "1"]

1. e4 d5 2. exd5 Qxd5 3. Nc3 Qd6 4. d4 Nf6 5. Nf3 Bg4 6. d5 a6 7. Be2 Nbd7 8.
Be3 Nb6 9. Qd4 Nbxd5 10. O-O-O c6 11. Nxd5 cxd5 12. Qa4+ Bd7 13. Qb3 Bc6 14.
Nd4 e6 15. Bf3 Be7 16. c4 O-O 17. cxd5 Bxd5 18. Bxd5 Qxd5 19. Qxd5 Nxd5 20. Nc2
Rfc8 21. Kb1 Rc7 22. Bd4 Rac8 23. Ne3 Nxe3 24. fxe3 f6 25. Rhg1 b5 26. Bb6 Rc6
27. Rd7 Kf7 28. Rb7 e5 29. Rd1 Ke6 30. a3 h5 31. Rdd7 Bf8 32. Ba7 Kf5 33. g3 g6
34. Rh7 Rc2 35. Rh8 Bd6 36. Rxc8 Rxc8 37. Rb6 Bc5 38. Rb7 Bxa7 39. Rxa7 Rc6 40.
h4 Kg4 41. Rg7 f5 0-1

[Event "20. Obert Int. Sant Marti 2018 - B"]
[Site "Barcelona ESP"]
[Date "2018.07.15"]
[Round "3.43"]
[White "Cervera Lopez, Miguel"]
[Black "Franzoni Ladron De Guevara, Enric"]
[Result "0-1"]
[WhiteElo "1578"]
[BlackElo "1760"]
[PlyCount "90"]
[EventDate "2018.07.13"]
[EventType "swiss"]
[EventRounds "9"]
[EventCountry "ESP"]
[SourceTitle "Ajedrez en Madrid"]
[Source "lmi"]
[SourceDate "2018.07.13"]
[SourceVersion "1"]
[SourceVersionDate "2019.06.21"]
[SourceQuality "1"]

1. e4 c5 2. Bc4 Nc6 3. Nf3 d6 4. d4 cxd4 5. Nxd4 Nf6 6. Nc3 Bd7 7. Nf5 h6 8. f3
Rc8 9. b3 Bxf5 10. exf5 Qa5 11. Bb2 Qxf5 12. Qd2 a6 13. O-O-O Qg5 14. f4 Qa5
15. Qe2 e6 16. Kb1 Be7 17. g4 b5 18. Bxe6 fxe6 19. Qxe6 Qc7 20. g5 Qd7 21. Rhe1
Qxe6 22. Rxe6 hxg5 23. fxg5 b4 24. gxf6 bxc3 25. Bxc3 gxf6 26. Re2 Ne5 27. Bd4
Kf7 28. Rf1 Ke6 29. c3 Rh3 30. Kc2 Rch8 31. Rff2 f5 32. c4 R8h4 33. Bc3 Re4 34.
Rd2 Bg5 35. Rd5 Nf3 36. Bb4 Be7 37. Kb2 Rxh2 38. Rxh2 Nxh2 39. Rd2 Nf3 40. Rg2
Ne5 41. Kc2 f4 42. Bd2 f3 43. Rf2 Bh4 44. Rf1 f2 45. Rh1 Nf3 0-1

[Event "20. Obert Int. Sant Marti 2018 - B"]
[Site "Barcelona ESP"]
[Date "2018.07.15"]
[Round "3.44"]
[White "Peter, Louis-Alexis"]
[Black "Serentill Tost, Eduard"]
[Result "1-0"]
[WhiteElo "1558"]
[BlackElo "1745"]
[PlyCount "47"]
[EventDate "2018.07.13"]
[EventType "swiss"]
[EventRounds "9"]
[EventCountry "ESP"]
[SourceTitle "Ajedrez en Madrid"]
[Source "lmi"]
[SourceDate "2018.07.13"]
[SourceVersion "1"]
[SourceVersionDate "2019.06.21"]
[SourceQuality "1"]

1. e4 e6 2. d4 d5 3. Nd2 Nf6 4. e5 Nfd7 5. Ngf3 c5 6. c3 Nc6 7. Bd3 Qb6 8. O-O
cxd4 9. cxd4 Nxd4 10. Nxd4 Qxd4 11. Nf3 Qb6 12. Qa4 Be7 13. Qg4 Kf8 14. Rb1 Nc5
15. Be3 Qd8 16. Bc2 b6 17. b4 Nd7 18. Ba4 Bb7 19. Rfc1 a5 20. Bxd7 Qxd7 21.
Bxb6 Bd8 22. bxa5 Rc8 23. Bxd8 Rxd8 24. Qb4+ 1-0

[Event "20. Obert Int. Sant Marti 2018 - B"]
[Site "Barcelona ESP"]
[Date "2018.07.15"]
[Round "3.45"]
[White "Subirana Santos, Marc"]
[Black "Rodriguez Batuecas, Jordi"]
[Result "1/2-1/2"]
[WhiteElo "1743"]
[BlackElo "1543"]
[PlyCount "116"]
[EventDate "2018.07.13"]
[EventType "swiss"]
[EventRounds "9"]
[EventCountry "ESP"]
[SourceTitle "Ajedrez en Madrid"]
[Source "lmi"]
[SourceDate "2018.07.13"]
[SourceVersion "1"]
[SourceVersionDate "2019.06.21"]
[SourceQuality "1"]

1. d4 Nf6 2. Nf3 g6 3. Nc3 Bg7 4. e4 d6 5. Be3 O-O 6. Qd2 Re8 7. O-O-O Bg4 8.
h3 Bxf3 9. gxf3 Nbd7 10. Bh6 c5 11. Bxg7 Kxg7 12. f4 cxd4 13. Qxd4 Qb6 14. Qd2
a6 15. f5 Ne5 16. fxg6 fxg6 17. f4 Nf7 18. Bd3 e6 19. h4 Nh5 20. f5 exf5 21.
exf5 Qe3 22. fxg6 Qxd2+ 23. Rxd2 hxg6 24. Nd5 Re5 25. Nc3 Rae8 26. Ne2 Nh6 27.
Rg1 Nf5 28. b3 Nxh4 29. Rdd1 R8e6 30. Rg4 Nf3 31. Nd4 Nxd4 32. Rxd4 Ng3 33. Bc4
Ne2+ 34. Bxe2 Rxe2 35. Rxd6 Kf7 36. Rd7+ Re7 37. R7d5 R2e5 38. R5d3 g5 39. Kb2
Kg6 40. Rd6+ Kg7 41. Rg1 Kf7 42. a4 R7e6 43. Rd3 b6 44. Rd8 Re8 45. Rd4 R8e6
46. c4 b5 47. cxb5 axb5 48. Rd7+ Kg6 49. axb5 Rxb5 50. Rc7 Reb6 51. Rg3 Rf6 52.
Kc3 Rbf5 53. b4 Rf3+ 54. Rxf3 Rxf3+ 55. Kd4 Rb3 56. Kc5 Rc3+ 57. Kd6 Rxc7 58.
Kxc7 g4 1/2-1/2

[Event "20. Obert Int. Sant Marti 2018 - B"]
[Site "Barcelona ESP"]
[Date "2018.07.15"]
[Round "3.46"]
[White "Martin Sanchez, Antoni"]
[Black "Morales Mendizabal, Pere"]
[Result "0-1"]
[WhiteElo "1552"]
[BlackElo "1742"]
[PlyCount "72"]
[EventDate "2018.07.13"]
[EventType "swiss"]
[EventRounds "9"]
[EventCountry "ESP"]
[SourceTitle "Ajedrez en Madrid"]
[Source "lmi"]
[SourceDate "2018.07.13"]
[SourceVersion "1"]
[SourceVersionDate "2019.06.21"]
[SourceQuality "1"]

1. d4 c6 2. Nf3 g6 3. e4 d6 4. Bd3 Bg7 5. c3 Bg4 6. Be3 Nd7 7. Nbd2 Qc7 8. h3
Bxf3 9. Nxf3 Ngf6 10. O-O O-O 11. Re1 c5 12. Qd2 c4 13. Bc2 Rad8 14. Bh6 e5 15.
Bxg7 Kxg7 16. Qe2 Nh5 17. a4 Nf4 18. Qf1 a5 19. g3 Ne6 20. d5 Nec5 21. Qxc4 Nb6
22. Qe2 Qd7 23. Kg2 Nbxa4 24. Bxa4 Nxa4 25. Qc2 b5 26. b3 Nc5 27. Rxa5 f5 28.
exf5 Rxf5 29. b4 Rdf8 30. Re3 Qf7 31. bxc5 Rxf3 32. Ra7 Rxf2+ 33. Qxf2 Qxa7 34.
Qd2 Qxc5 35. h4 Qc4 36. Rd3 e4 0-1

[Event "20. Obert Int. Sant Marti 2018 - B"]
[Site "Barcelona ESP"]
[Date "2018.07.15"]
[Round "3.47"]
[White "Gordillo Bretones, Jose Luis"]
[Black "Fungueirino Pique, Daniel"]
[Result "0-1"]
[WhiteElo "1543"]
[BlackElo "1740"]
[PlyCount "80"]
[EventDate "2018.07.13"]
[EventType "swiss"]
[EventRounds "9"]
[EventCountry "ESP"]
[SourceTitle "Ajedrez en Madrid"]
[Source "lmi"]
[SourceDate "2018.07.13"]
[SourceVersion "1"]
[SourceVersionDate "2019.06.21"]
[SourceQuality "1"]

1. e4 e6 2. Nf3 d5 3. exd5 exd5 4. d4 Nf6 5. Bg5 Be7 6. Be2 O-O 7. O-O Bf5 8.
Nbd2 h6 9. Bxf6 Bxf6 10. Nb3 b6 11. a4 a5 12. c4 dxc4 13. Bxc4 Nc6 14. Bb5 Nb4
15. Rc1 Rc8 16. Na1 Qd6 17. Ne5 Bxe5 18. dxe5 Qxe5 19. Re1 Qf6 20. Rc3 Rfd8 21.
Qf3 Qg6 22. h3 Nd5 23. Rc6 Nf6 24. Rc3 c5 25. Nb3 Be6 26. Bd3 Qg5 27. Bc4 Bxc4
28. Rxc4 Qd5 29. Qf4 Re8 30. Rec1 Re6 31. R4c3 Rce8 32. R1c2 Re1+ 33. Kh2 Qd1
34. Qf3 Rh1+ 35. Kg3 Qg1 36. Kf4 Qh2+ 37. g3 Qxh3 38. g4 Qh4 39. Rxc5 Re4+ 40.
Qxe4 Qxg4+ 0-1

[Event "20. Obert Int. Sant Marti 2018 - B"]
[Site "Barcelona ESP"]
[Date "2018.07.15"]
[Round "3.48"]
[White "Gomez Fernandez, Miquel"]
[Black "Mercader Rubio, Luis"]
[Result "0-1"]
[WhiteElo "1485"]
[BlackElo "1732"]
[PlyCount "80"]
[EventDate "2018.07.13"]
[EventType "swiss"]
[EventRounds "9"]
[EventCountry "ESP"]
[SourceTitle "Ajedrez en Madrid"]
[Source "lmi"]
[SourceDate "2018.07.13"]
[SourceVersion "1"]
[SourceVersionDate "2019.06.21"]
[SourceQuality "1"]

1. d4 Nf6 2. c4 g6 3. Nc3 Bg7 4. Nf3 O-O 5. e4 d6 6. Be2 Nbd7 7. O-O e5 8. d5
Nc5 9. Bg5 h6 10. Bxf6 Qxf6 11. h3 Qe7 12. b4 Nd7 13. Qd2 Nf6 14. Bd3 Nh5 15.
Ne2 f5 16. Nh2 Nf6 17. Rae1 f4 18. f3 h5 19. g4 fxg3 20. Nxg3 Bxh3 21. Rf2 Kh7
22. Nhf1 Bh6 23. Qe2 h4 24. Rh2 Qd7 25. Nh1 Bf4 26. Qf2 g5 27. Rg2 Nh5 28. Ne3
Bxg2 29. Nxg2 Qh3 30. Nxf4 Rxf4 31. Re3 Nf6 32. Bf1 Qd7 33. Qh2 Kg7 34. Bh3 Qa4
35. a3 Qd1+ 36. Bf1 Rxf3 37. Rxf3 Qxf3 38. Qc2 Rf8 39. Bg2 Qe3+ 40. Kh2 Ng4#
0-1

[Event "20. Obert Int. Sant Marti 2018 - B"]
[Site "Barcelona ESP"]
[Date "2018.07.15"]
[Round "3.49"]
[White "Grasa Solanas, Oscar"]
[Black "Lazaro Valls, Xavi"]
[Result "0-1"]
[WhiteElo "1732"]
[BlackElo "1488"]
[PlyCount "136"]
[EventDate "2018.07.13"]
[EventType "swiss"]
[EventRounds "9"]
[EventCountry "ESP"]
[SourceTitle "Ajedrez en Madrid"]
[Source "lmi"]
[SourceDate "2018.07.13"]
[SourceVersion "1"]
[SourceVersionDate "2019.06.21"]
[SourceQuality "1"]

1. c4 c5 2. Nc3 Nf6 3. g3 d5 4. cxd5 Nxd5 5. Bg2 Nxc3 6. bxc3 Nc6 7. Nf3 g6 8.
O-O Bg7 9. Rb1 O-O 10. Qc2 Qc7 11. d3 Bd7 12. Bf4 e5 13. Be3 b6 14. Qc1 Rac8
15. Bh6 Be6 16. Bxg7 Kxg7 17. a3 Qd7 18. Re1 Bf5 19. Nh4 Be6 20. Rd1 Na5 21.
Qc2 Nc6 22. Nf3 f6 23. Qb2 Bf5 24. Rbc1 Bh3 25. Bh1 Rfd8 26. Rc2 e4 27. Ne1
exd3 28. Rxd3 Qc7 29. Rcd2 Ne5 30. Rxd8 Rxd8 31. Rxd8 Qxd8 32. Qc1 Nc4 33. Nd3
Qe7 34. Nf4 Bg4 35. Bd5 Nd6 36. f3 Bc8 37. e4 g5 38. Ng2 Bb7 39. Ne3 Bxd5 40.
exd5 Qe5 41. c4 Qd4 42. Kg2 h5 43. h3 Kg6 44. Qc2+ Kg7 45. Kf2 b5 46. cxb5 Nxb5
47. Ke2 Nc3+ 48. Kf2 Nxd5 49. Qc1 f5 50. Ke2 Nc3+ 51. Ke1 Qe5 52. Kf2 Kg6 53.
Qc2 Qd4 54. Qxf5+ Kh6 55. Qc2 Nd5 56. Qe2 Kg7 57. Qe1 Kf6 58. Qc1 h4 59. gxh4
gxh4 60. Ke2 Qxe3+ 61. Qxe3 Nxe3 62. Kxe3 Ke5 63. Kd3 Kf4 64. Ke2 c4 65. a4 c3
66. a5 c2 67. Kd2 Kxf3 68. Kxc2 Kg3 0-1

[Event "20. Obert Int. Sant Marti 2018 - B"]
[Site "Barcelona ESP"]
[Date "2018.07.15"]
[Round "3.50"]
[White "Castillo Rosa, Jose Luis"]
[Black "Romero Funieles, Rafael"]
[Result "0-1"]
[WhiteElo "1402"]
[BlackElo "1725"]
[PlyCount "98"]
[EventDate "2018.07.13"]
[EventType "swiss"]
[EventRounds "9"]
[EventCountry "ESP"]
[SourceTitle "Ajedrez en Madrid"]
[Source "lmi"]
[SourceDate "2018.07.13"]
[SourceVersion "1"]
[SourceVersionDate "2019.06.21"]
[SourceQuality "1"]

1. e4 e6 2. d4 d6 3. Nf3 h6 4. Bd3 Nd7 5. c3 e5 6. a3 exd4 7. cxd4 Nb6 8. Nc3
c6 9. Qe2 Be7 10. O-O Nf6 11. Bf4 O-O 12. Rad1 a6 13. e5 Nfd5 14. Qe4 f5 15.
Qe1 Nxf4 16. exd6 Bxd6 17. Bc2 Ng6 18. Bb3+ Kh7 19. Ne5 Qf6 20. f4 a5 21. Rd3
Be6 22. Nxg6 Bxb3 23. Nxf8+ Rxf8 24. Re3 Qxd4 25. Kh1 Bxf4 26. Rh3 Bc4 27. Rh4
Bxf1 28. Qxf1 g5 29. Rh3 Nd5 30. Rd3 Qc4 31. Qd1 Rf7 32. Nxd5 cxd5 33. Rxd5 Qc1
34. Qxc1 Bxc1 35. Rb5 f4 36. b3 Bxa3 37. Rxa5 Bc1 38. Rd5 Be3 39. h3 Rc7 40. h4
g4 41. Kh2 Bf2 42. Rd1 Bxh4 43. b4 Bg3+ 44. Kh1 Re7 45. b5 Re1+ 46. Rxe1 Bxe1
47. b6 Ba5 48. Kh2 Bxb6 49. g3 fxg3+ 0-1

[Event "20. Obert Int. Sant Marti 2018 - B"]
[Site "Barcelona ESP"]
[Date "2018.07.15"]
[Round "3.51"]
[White "Pascual Gonzalez-Novelles, Carles"]
[Black "Febrero Perez, Lluis"]
[Result "1-0"]
[WhiteElo "1717"]
[BlackElo "1479"]
[PlyCount "77"]
[EventDate "2018.07.13"]
[EventType "swiss"]
[EventRounds "9"]
[EventCountry "ESP"]
[SourceTitle "Ajedrez en Madrid"]
[Source "lmi"]
[SourceDate "2018.07.13"]
[SourceVersion "1"]
[SourceVersionDate "2019.06.21"]
[SourceQuality "1"]

1. e4 e5 2. Nf3 Nc6 3. Bc4 Be7 4. c3 Nf6 5. d3 O-O 6. h3 b6 7. Be3 Bb7 8. Nbd2
d5 9. exd5 Nxd5 10. Ne4 Nxe3 11. fxe3 Kh8 12. O-O f5 13. Ng3 Bc5 14. d4 exd4
15. Nxd4 Ne7 16. Ngxf5 Nxf5 17. Nxf5 Qg5 18. Qg4 Bxe3+ 19. Nxe3 Qxe3+ 20. Kh2
Qd2 21. Rad1 Qxb2 22. Qg3 Qc2 23. Rd7 Qg6 24. Qxg6 hxg6 25. Rxf8+ Rxf8 26. Rxc7
Rc8 27. Rxb7 Rxc4 28. Rxa7 Rxc3 29. Ra6 Rc6 30. a4 Kh7 31. a5 Rc5 32. axb6 Rb5
33. Kg3 Kh6 34. Kf4 Kh5 35. Ke4 Kh4 36. Kd4 Kg3 37. Kc4 Rb1 38. Ra3+ Kxg2 39.
Rb3 1-0

[Event "20. Obert Int. Sant Marti 2018 - B"]
[Site "Barcelona ESP"]
[Date "2018.07.15"]
[Round "3.52"]
[White "Antequera Garcia, Luis"]
[Black "Volart Buil, Jordi"]
[Result "0-1"]
[WhiteElo "1362"]
[BlackElo "1715"]
[PlyCount "110"]
[EventDate "2018.07.13"]
[EventType "swiss"]
[EventRounds "9"]
[EventCountry "ESP"]
[SourceTitle "Ajedrez en Madrid"]
[Source "lmi"]
[SourceDate "2018.07.13"]
[SourceVersion "1"]
[SourceVersionDate "2019.06.21"]
[SourceQuality "1"]

1. e4 e5 2. Nf3 Qe7 3. Nc3 c6 4. Bc4 h6 5. d4 d6 6. h3 Nf6 7. O-O Qc7 8. Re1 b5
9. Bb3 a5 10. a4 b4 11. Ne2 Be7 12. Ng3 O-O 13. Qd3 Ba6 14. Qd1 Bc8 15. Be3 Na6
16. c3 bxc3 17. bxc3 c5 18. Rc1 Bb7 19. d5 c4 20. Ba2 Nc5 21. Bxc4 Ncxe4 22.
Nxe4 Qxc4 23. Nxf6+ Bxf6 24. Qd2 Bxd5 25. Red1 Bxf3 26. gxf3 Rfd8 27. Bb6 Rd7
28. Qd5 Qxd5 29. Rxd5 Bd8 30. Rb1 Kf8 31. c4 Ke7 32. c5 dxc5 33. Rxe5+ Kf6 34.
Re8 Rb8 35. Rb5 Rxb6 36. Rxc5 Re6 37. Rg8 Red6 38. Kg2 Rd5 39. Rc6+ R7d6 40.
Rc4 Rd4 41. Rc8 Ke7 42. Rxg7 Rg6+ 43. Rxg6 fxg6 44. Ra8 Rxa4 45. Kg3 Rd4 46. f4
Bc7 47. Ra7 Kd7 48. Kg2 Rxf4 49. Ra6 Rf5 50. f3 Re5 51. Kf2 Re6 52. Ra8 Kc6 53.
Rf8 a4 54. Ra8 Kb5 55. Ra7 Bb6+ 0-1

[Event "20. Obert Int. Sant Marti 2018 - B"]
[Site "Barcelona ESP"]
[Date "2018.07.15"]
[Round "3.53"]
[White "Valero Recalde, Pablo"]
[Black "Vargas Rodriguez, Gabriel"]
[Result "1/2-1/2"]
[WhiteElo "1715"]
[BlackElo "1448"]
[PlyCount "73"]
[EventDate "2018.07.13"]
[EventType "swiss"]
[EventRounds "9"]
[EventCountry "ESP"]
[SourceTitle "Ajedrez en Madrid"]
[Source "lmi"]
[SourceDate "2018.07.13"]
[SourceVersion "1"]
[SourceVersionDate "2019.06.21"]
[SourceQuality "1"]

1. d4 Nf6 2. c4 c6 3. Nc3 d5 4. Nf3 g6 5. cxd5 cxd5 6. h3 Bg7 7. Bf4 O-O 8. e3
Nc6 9. Be2 e6 10. O-O a6 11. Rc1 Bd7 12. Na4 Ne4 13. Nc5 Nxc5 14. Rxc5 Rc8 15.
Qd2 Re8 16. Rfc1 Bf8 17. R5c2 Qb6 18. a3 Bg7 19. b4 Na7 20. Ne5 Rxc2 21. Rxc2
Bc6 22. Nxc6 Nxc6 23. Qc1 Rd8 24. b5 axb5 25. Rb2 b4 26. Qe1 Bf8 27. Qd1 Ra8
28. Rb3 Qa5 29. axb4 Nxb4 30. Qf1 Qa4 31. Rb1 Ra7 32. Bb8 Ra8 33. Bf4 Qd7 34.
Rb3 Qd8 35. Qe1 Qa5 36. Kh2 Qa2 37. Qd1 1/2-1/2

[Event "20. Obert Int. Sant Marti 2018 - B"]
[Site "Barcelona ESP"]
[Date "2018.07.15"]
[Round "3.54"]
[White "Cabrera Marmol, Manuel"]
[Black "Reyes, Jesus"]
[Result "0-1"]
[WhiteElo "1714"]
[BlackElo "1367"]
[PlyCount "124"]
[EventDate "2018.07.13"]
[EventType "swiss"]
[EventRounds "9"]
[EventCountry "ESP"]
[SourceTitle "Ajedrez en Madrid"]
[Source "lmi"]
[SourceDate "2018.07.13"]
[SourceVersion "1"]
[SourceVersionDate "2019.06.21"]
[SourceQuality "1"]

1. e4 e5 2. d4 exd4 3. c3 dxc3 4. Nxc3 Nc6 5. Nf3 d6 6. Bc4 Nf6 7. Qb3 Qd7 8.
Bf4 Na5 9. Qb4 Nxc4 10. Qxc4 Be7 11. O-O-O O-O 12. e5 Ne8 13. Nd5 Bd8 14. Kb1
c6 15. Ne3 d5 16. Qc2 Nc7 17. g4 Ne6 18. Bg3 Ng5 19. Nxg5 Bxg5 20. f4 Bd8 21.
h4 Bb6 22. Nf5 f6 23. Rde1 fxe5 24. Rxe5 Bd8 25. Rhe1 Bf6 26. Ne7+ Bxe7 27.
Rxe7 Qxg4 28. Qc3 Bd7 29. Rg1 Rae8 30. Re5 Rxe5 31. fxe5 Rf3 32. Qe1 Qe4+ 33.
Qxe4 dxe4 34. Be1 Kf7 35. Bc3 g6 36. Kc1 c5 37. Kd1 Bb5 38. Rg5 Ke6 39. h5 Rf5
40. Rxf5 Kxf5 41. hxg6 hxg6 42. Kd2 Kf4 43. e6 Kf3 44. Bf6 e3+ 45. Ke1 a5 46.
b3 a4 47. e7 axb3 48. axb3 Kf4 49. Bg7 g5 50. Bh6 Kf5 51. Bf8 g4 52. e8=Q Bxe8
53. Bxc5 Kf4 54. Kf1 Kf3 55. Kg1 g3 56. Bd4 g2 57. Bc3 Bc6 58. b4 b5 59. Bf6
Ke2 60. Bg5 Kd3 61. Bh4 e2 62. Be1 Kc2 0-1

[Event "20. Obert Int. Sant Marti 2018 - B"]
[Site "Barcelona ESP"]
[Date "2018.07.15"]
[Round "3.55"]
[White "Planella Zavala, Ivan"]
[Black "Castro Estrella, Joan Gabriel"]
[Result "0-1"]
[WhiteElo "1310"]
[BlackElo "1712"]
[PlyCount "76"]
[EventDate "2018.07.13"]
[EventType "swiss"]
[EventRounds "9"]
[EventCountry "ESP"]
[SourceTitle "Ajedrez en Madrid"]
[Source "lmi"]
[SourceDate "2018.07.13"]
[SourceVersion "1"]
[SourceVersionDate "2019.06.21"]
[SourceQuality "1"]

1. d4 Nf6 2. Bf4 g6 3. e3 Bg7 4. Bd3 O-O 5. Nf3 d6 6. O-O Nbd7 7. c3 Qe8 8. e4
e5 9. dxe5 dxe5 10. Bg3 Nh5 11. h3 Nxg3 12. fxg3 a5 13. Nbd2 Nc5 14. Bc2 Qb5
15. b3 Rd8 16. Qe1 Be6 17. c4 Qb6 18. Qe2 Nxb3+ 19. Kh2 Nxa1 20. Rxa1 f6 21.
Rb1 Qc6 22. Rb2 Bh6 23. Bd3 Rd6 24. Rb3 Bxd2 25. Nxd2 Rad8 26. Rc3 Qd7 27. Nb3
b6 28. Bc2 a4 29. Nc1 Rd2 30. Qe1 Bxh3 31. Ne2 Bg4 32. Nc1 Qd4 33. Ra3 Qxc4 34.
Bxa4 Qb4 35. Qe3 Qb2 36. Nd3 Rxg2+ 37. Kh1 Rh2+ 38. Kg1 Qg2# 0-1